MDQL
is popping MORE tags! Check the
thread
!
Quizzes
Events
Quiz Creation
Community
Videos
Private Events
Remove Ads
Sign In
Join for FREE
Feedback
Dark Mode
Quiz Categories
Sports
Geography
Music
Movies
Television
Just For Fun
Miscellaneous
History
Literature
Language
Science
Gaming
Entertainment
Religion
Holiday
For Kids
Quiz Lab
Recent
Popular Today
Quiz Kudos Today
Editor Picks
Curator Picks
Quizzes by...
Day
Popularity
Type
Ratings
Length
Year
Community
Subscriptions
Recent Discussions
Orange Saloon
Badges
Playlists
Quests
Create
Leaderboards
Showdown
Live 5
Trivia Bingo
Activity
Puzzle Library
Sporcle Events
Private Events
Virtual Trivia
Globe League
Become a Host
Pub Owners
SporcleCon
Opinionation
Our Games
Videos
Blog
Mobile Apps
Partnerships
Remove Ads and Go Orange
Feedback
Gaming
Video Games
Board Games
Card Games
Pokémon
Mario
Nintendo
Minecraft
Console
Toys
Legend of Zelda
Gaming
Video Games
Board Games
Card Games
Pokémon
Mario
Nintendo
Minecraft
Console
Toys
Legend of Zelda
Random Quiz
Search Sporcle
×
Quiz Lab
Quiz Lab
Gaming
Pokémon
Type in answers that appear in a list
Type in answers that appear in a list
Classic
Best Score? Go Orange.
Unbreedable Pokemon Stats
Can you name the Unbreedable Pokemon?
By
michaeljace
5m
67 Questions
40 Plays
40 Plays
40 Plays
Comments
Comments
Give Quiz Kudos
Give Quiz Kudos
-
- Ratings
hide this ad
Replay
Link that replays current quiz
Next Quiz
Link to next quiz in quiz playlist
You Got
0%
They Got
Avg Score
77%
Avg Friend Score
Upgrade to see
Score Distribution
Jump to the score distribution portion of the page
Score
0/67
Timer
05:00
0
Plays Today
Type
% Correct
Ice/
Flying
Articuno
100%
Electric/
Flying
Zapdos
97.5%
Fire/
Flying
Moltres
97.5%
Psychic
Mewtwo
97.5%
Psychic
Mew
97.5%
Psychic/
Grass
Celebi
95%
Psychic/
Flying
Lugia
92.5%
Fire/
Flying
Ho-oh
92.5%
Fire
Entei
90%
Water
Suicune
90%
Poison/
Ground
Nidoqueen
87.5%
Electric
Raikou
87.5%
Rock
Regirock
87.5%
Ice
Regice
87.5%
Steel
Registeel
87.5%
Poison
Nidorina
85%
Electric
Elekid
85%
Ground
Groudon
85%
Dragon/
Flying
Rayquaza
85%
Steel/
Dragon
Dialga
85%
Water/
Dragon
Palkia
85%
Electric
Pichu
82.5%
Normal
Igglybuff
82.5%
Ice/
Psychic
Smoochum
82.5%
Fire
Magby
82.5%
Dragon/
Psychic
Latias
82.5%
Dragon/
Psychic
Latios
82.5%
Water
Kyogre
82.5%
Fighting
Tyrogue
80%
Normal
Arceus
80%
Psychic/
Fire
Victini
80%
Normal
Cleffa
77.5%
Normal
Regigigas
77.5%
Ghost/
Dragon
Giratina
77.5%
Type
% Correct
Dark
Darkrai
77.5%
Flying
Tornadus
77.5%
Dragon/
Fire
Reshiram
77.5%
Dragon/
Electric
Zekrom
77.5%
Ground/
Flying
Landorus
77.5%
Bug/
Steel
Genesect
77.5%
Grass/
Fighting
Virizion
75%
Electric/
Flying
Thundurus
75%
Dragon/
Ice
Kyurem
75%
Water/
Fighting
Keldeo
75%
Psychic
Deoxys
72.5%
Psychic
Uxie
72.5%
Psychic
Mesprit
72.5%
Steel/
Fighting
Cobalion
72.5%
Rock/
Fighting
Terrakion
72.5%
Psychic
Unown
70%
Steel/
Psychic
Jirachi
70%
Psychic
Azelf
70%
Fire/
Steel
Heatran
70%
Grass
Shaymin
70%
Normal/
Psychic
Meloetta
70%
Psychic
Wynaut
67.5%
Psychic
Cresselia
67.5%
Normal
Azurill
65%
Water/
Flying
Mantyke
65%
Grass/
Poison
Budew
62.5%
Normal
Happiny
62.5%
Rock
Bonsly
60%
Psychic
Mime Jr.
60%
Normal
Togepi
57.5%
Normal
Munchlax
52.5%
Fighting
Riolu
52.5%
Psychic
Chingling
50%
Quiz Playlist
Details
Report
Send in Message
Add To Playlist
Classic:
Type in answers that appear in a list
Last Updated: Feb 16, 2017
Quiz Scoreboard
CHALLENGE
Sign Up to Join the Scoreboard
Show All
Scores
Hide
Comments
May contain spoilers
Recently Published
5x2 Blitz: Bands
by SL_Kpop136
Music
30s
Colored Red Africa Blitz
by spor1
Geography
30s
Find the 'City' Movie
by crazypaving
Movies
60s
More to Explore
Quiz From the Vault
Featured Blog Post
14 Easter Pick-up Lines to Find Eggs With
hide this ad
You Might Also Like...
Tags
Pokémon Quiz
Baby
Breed
Breeder
Breeding
Today's Top Quizzes in Gaming
Browse Gaming
hide this ad
Today's Top Quizzes in Pokémon
Browse Pokémon
Top Contributed Quizzes in Gaming
1
Dead By Daylight Logic Puzzle
2
Destiny 2 exotic weapons by perk icons
3
League of Legends Pro Players by Career/Team History
4
Genshin Impact Logic Puzzle Quiz II
5
Windmill: Elements
6
Minecraft Typing Challenge
7
Pokémon Spelling Bee
8
Genshin murder mystery
9
Legendary or Exotic?
10
Overwatch 2: Ultimate Ability Icons
Explore More
Trending Topics
Crossword
Disney
Marvel
Harry Potter
NBA
Kpop
Anime
Soccer
Pokémon
Song
WWE
The Office
NFL
Puzzle
Country
hide this ad
More By:
michaeljace
Quiz
Plays
Rating
Category
Featured
Created
Random Pokemon Facts
236
4.00
Gaming
Jan 11, 2012
Unbreedable Pokemon
40
4.00
Gaming
Jan 13, 2012
Go to Creator's Profile
Score Distribution
Quiz Creator Spotlight
michaeljace
Follow
Send a Message
Quizzes Created
-
Created Quiz Play Count
-
More By This Creator
Popular Quizzes Today
1
Find the 'City' Movie
2
Colored Red Africa Blitz
3
Find the US States - No Outlines Minefield
4
5x2 Blitz: Bands
5
The Countries of the World
6
Find the US States
7
US States
8
9x9 Crossword: Cartoon Network
More Gaming Quizzes
Draw Pac-Man
Editor's Pick
Trending Quizzes
Colored Red Europe Blitz I
Colored Red Africa Blitz II
Colored Red Europe Blitz II
Colored Red Africa Blitz III
Colored Red Europe Blitz III
Recently Updated
Famous TV Couples
Peacemaker
Champions League XIs: Real Madrid
pecheneg
Largest US Cities 1790-2010
pecheneg
Rides in Walt Disney World
pecheneg
Most Oscar Losses (Acting)
pecheneg
Beyoncé Albums
pecheneg
Leaping Animals
pecheneg
Reality TV Shows (A-Z)
bhenderson79
Rickey Henderson's Hall of Fame Teammates
pecheneg
Champions League XIs: Arsenal
pecheneg
Trending Topics
Kpop
Harry Potter
NBA
Anime
Marvel
Crossword
Disney
Song
The Office
Puzzle
Country
WWE
NFL
Soccer
Pokémon
Your Account Isn't Verified!
In order to create a playlist on Sporcle, you need to verify the email address you used during registration. Go to your
Sporcle Settings
to finish the process.
Report this User
Report this user for behavior that violates our
Community Guidelines
.
Details:
Send Report
Go to the Sporcle.com Mobile Site →
Comments